| 000 | 00719cam a2200265 4500 | ||
|---|---|---|---|
| 008 | 090401t1993 xxu||||| |||| 00| 0 eng d | ||
| 020 | _a1857320433 | ||
| 035 | _a(Sirsi) u83477 | ||
| 041 | _aeng | ||
| 050 | _a690.231 | ||
| 100 | _aMiller, Judith | ||
| 245 | _aPeriod details: the definitive sourcebook for house restoration. | ||
| 260 |
_bMitchell Beazley _c1993 |
||
| 300 | _a192p. : ill. ; 26cm. | ||
| 350 | _a16.99 | ||
| 520 | _aIncludes a directory of specialist suppliers. | ||
| 650 | _aHISTORIC BUILDINGS | ||
| 650 | _aHOUSE RENOVATIONS | ||
| 650 | _aPERIOD HOUSES | ||
| 650 | _aRESTORATION | ||
| 690 | _aBUILT ENVIRONMENT | ||
| 700 | _aMiller, Martin | ||
| 942 | _n0 | ||
| 948 | _c02/02/1998 | ||
| 999 |
_c96906 _d96906 |
||